000 00558nam a2200181Ia 4500
008 140609s9999 xx 000 0 und d
020 _a9789715846134
050 _aRA 440.5
_b.R457 2007
100 _aReyes, Grace L.
245 _a(LET) reviewer in health education /
_cGrace L. Reyes
260 _aQuezon City, Philippines :
_bC&E Publishing, Inc.,
_cc2007.
300 _a86 p. ;
_c26 cm.
440 _a(Licensure examinations for teachers).
500 _aIncludes bibliographical references.
521 _aGE
942 _kLOC
_cBK
999 _c118244
_d118244